000 00600nam a2200181Ia 4500
008 100917s9999 xx 000 0 und d
082 _b12790
100 _aजोशी ना. ब.
245 _aसाहित्य संशोधन मंजिरी
260 _bनवसाहित्य प्रकाशन
_c1973
300 _a230
365 _b17.5
520 _aनिबंध
630 _aसाहित्य संशोधन मंजिरी
650 _aनिबंध
730 _aसाहित्य संशोधन मंजिरी
942 _cBOOK
999 _c618184
_d618181